[Event "Bor"]
[Site "Bor"]
[Date "1983.??.??"]
[Round "13"]
[White "Djukic, Zeljko"]
[Black "Kurajica, Bojan"]
[Result "1/2-1/2"]
[WhiteElo "2370"]
[BlackElo "2525"]
[PlyCount "31"]
[EventDate "1983.10.??"]
[Source "ChessBase"]

1. d4 d5 2. c4 e6 3. Nc3 Nf6 4. Nf3 Be7 5. Bg5 h6 6. Bh4 O-O 7. e3 b6 8. cxd5 Nxd5 9. Bxe7 Qxe7 10. Nxd5 exd5 11. Rc1 Be6 12. Qa4 c5 13. Qa3 Rc8 14. Be2 a5 15. dxc5 bxc5 16. O-O 1/2-1/2

[Event "Porz"]
[Site "Porz GER"]
[Date "1982.??.??"]
[Round "9"]
[White "Gerusel, Mathias"]
[Black "Giorgadze, Tamaz"]
[Result "1/2-1/2"]
[WhiteElo "2390"]
[BlackElo "2500"]
[PlyCount "82"]
[EventDate "1981.12.??"]
[Source "www.chesslib.no"]
[SourceDate "2004.05.04"]

1. d4 Nf6 2. c4 e6 3. Nc3 d5 4. Bg5 Be7 5. e3 h6 6. Bh4 O-O 7. Nf3 b6 8. cxd5 Nxd5 9. Bxe7 Qxe7 10. Nxd5 exd5 11. Rc1 Be6 12. Qa4 a5 13. Rc3 Rc8 14. Bd3 c5 15. Qa3 Qa7 16. dxc5 bxc5 17. O-O Nd7 18. Rfc1 Rcb8 19. R3c2 Qb6 20. Qc3 Qb4 21. Rd2 Qxc3 22. Rxc3 Rb4 23. b3 a4 24. Bc2 axb3 25. axb3 Kf8 26. Ne1 Ra2 27. Kf1 Rb5 28. Ke2 Ra3 29. Bd1 Ke7 30. Nd3 g5 31. f3 Rba5 32. Rc1 Bf5 33. Nf2 Ra2 34. Bc2 Be6 35. Bd1 R2a3 36. Rb1 Ra7 37. Rc1 Rb7 38. Bc2 c4 39. bxc4 dxc4 40. Ne4 c3 41. Rd4 Rc7 1/2-1/2

[Event "Sochi"]
[Site "Sochi"]
[Date "1993.??.??"]
[Round "?"]
[White "Doroshkievich, Vladimir K"]
[Black "Pushkov, Nikolai"]
[Result "1/2-1/2"]
[WhiteElo "2405"]
[BlackElo "2485"]
[PlyCount "33"]
[EventDate "1993.09.??"]
[Source "ChessBase"]

1. d4 d5 2. c4 e6 3. Nc3 Be7 4. Nf3 Nf6 5. Bg5 h6 6. Bh4 O-O 7. e3 b6 8. cxd5 Nxd5 9. Bxe7 Qxe7 10. Nxd5 exd5 11. Rc1 Be6 12. Qa4 c5 13. Qa3 Rc8 14. Be2 Qb7 15. dxc5 bxc5 16. O-O Qb6 17. Rfd1 1/2-1/2

[Event "Porz"]
[Site "?"]
[Date "1982.??.??"]
[Round "9"]
[White "Gerusel"]
[Black "Georgadze"]
[Result "1/2-1/2"]
[WhiteElo "2390"]
[BlackElo "2500"]
[PlyCount "82"]
[EventDate "1982.??.??"]
[Source "www.chesslib.no"]
[SourceDate "2004.05.04"]

1. d4 Nf6 2. c4 e6 3. Nc3 d5 4. Bg5 Be7 5. e3 h6 6. Bh4 O-O 7. Nf3 b6 8. cxd5 Nxd5 9. Bxe7 Qxe7 10. Nxd5 exd5 11. Rc1 Be6 12. Qa4 a5 13. Rc3 Rc8 14. Bd3 c5 15. Qa3 Qa7 16. dxc5 bxc5 17. O-O Nd7 18. Rfc1 Rcb8 19. R3c2 Qb6 20. Qc3 Qb4 21. Rd2 Qxc3 22. Rxc3 Rb4 23. b3 a4 24. Bc2 axb3 25. axb3 Kf8 26. Ne1 Ra2 27. Kf1 Rb5 28. Ke2 Ra3 29. Bd1 Ke7 30. Nd3 g5 31. f3 Rba5 32. Rc1 Bf5 33. Nf2 Ra2 34. Bc2 Be6 35. Bd1 R2a3 36. Rb1 Ra7 37. Rc1 Rb7 38. Bc2 c4 39. bxc4 dxc4 40. Ne4 c3 41. Rd4 Rb2 1/2-1/2

[Event "New York op"]
[Site "New York"]
[Date "1987.??.??"]
[Round "?"]
[White "Djuric, Stefan"]
[Black "Abramovic, Bosko"]
[Result "1/2-1/2"]
[WhiteElo "2465"]
[BlackElo "2420"]
[PlyCount "23"]
[EventDate "1987.04.??"]
[Source "ChessBase"]

1. d4 d5 2. c4 e6 3. Nc3 Be7 4. Nf3 Nf6 5. Bg5 h6 6. Bh4 O-O 7. e3 b6 8. cxd5 Nxd5 9. Bxe7 Qxe7 10. Nxd5 exd5 11. Rc1 Be6 12. Qa4 1/2-1/2

[Event "Bohemians"]
[Site "Prague"]
[Date "1989.??.??"]
[Round "?"]
[White "Danner, Georg"]
[Black "Haba, Petr"]
[Result "0-1"]
[WhiteElo "2400"]
[BlackElo "2480"]
[PlyCount "74"]
[EventDate "1989.01.??"]
[Source "ChessBase"]

1. d4 d5 2. Nf3 Nf6 3. c4 e6 4. Nc3 Be7 5. Bg5 h6 6. Bh4 O-O 7. e3 b6 8. cxd5 Nxd5 9. Bxe7 Qxe7 10. Nxd5 exd5 11. Rc1 Be6 12. Qc2 Rc8 13. Bd3 c5 14. O-O Nc6 15. dxc5 Nb4 16. Qd2 Nxd3 17. Qxd3 bxc5 18. Rc2 Qf6 19. Rc3 Rab8 20. b3 Bf5 21. Qd2 Be4 22. Rfc1 Bxf3 23. gxf3 Qxf3 24. Rxc5 Rxc5 25. Rxc5 Rb6 26. Qxd5 Qg4+ 27. Kf1 Rf6 28. Rc4 Qh3+ 29. Qg2 Qh5 30. Qa8+ Kh7 31. Qe4+ g6 32. Qd4 Qf3 33. e4 Rf4 34. Ke1 Rg4 35. Qxa7 Rg1+ 36. Kd2 Rd1+ 37. Kc2 Qe2+ 0-1

[Event "Reykjavik zt"]
[Site "Reykjavik ISL"]
[Date "1975.??.??"]
[Round "9"]
[White "Liberzon, Vladimir M"]
[Black "Poutiainen, Pertti"]
[Result "1-0"]
[WhiteElo "2485"]
[BlackElo "2395"]
[PlyCount "111"]
[EventDate "1975.??.??"]
[Source "www.chesslib.no"]
[SourceDate "2004.05.04"]

1. d4 Nf6 2. Nf3 d5 3. c4 e6 4. Nc3 Be7 5. Bg5 O-O 6. e3 h6 7. Bh4 b6 8. cxd5 Nxd5 9. Bxe7 Qxe7 10. Nxd5 exd5 11. Rc1 Be6 12. Qa4 c5 13. Qa3 Rc8 14. Be2 Qf8 15. dxc5 bxc5 16. O-O c4 17. Qxf8+ Kxf8 18. b3 Nc6 19. bxc4 dxc4 20. Bxc4 Nd4 21. Ba6 Nxf3+ 22. gxf3 Rxc1 23. Rxc1 Bxa2 24. Ra1 Bd5 25. e4 Bc6 26. Rc1 Bd7 27. Kg2 Ke7 28. Kg3 Kd8 29. Bb7 Rb8 30. Bd5 Be6 31. Bxe6 fxe6 32. Ra1 Rb7 33. Kf4 Ke7 34. h4 Kf6 35. Ra5 Rc7 36. h5 Rb7 37. Kg4 Rc7 38. f4 Rb7 39. e5+ Kf7 40. f5 exf5+ 41. Kxf5 Rc7 42. f4 Rb7 43. Ra6 Kf8 44. Rc6 Rf7+ 45. Ke6 g6 46. hxg6 Rxf4 47. Rc7 Kg8 48. Rxa7 h5 49. Kd5 Rf5 50. Ke4 Rg5 51. e6 Rxg6 52. Kf5 Rg1 53. Ra8+ Kg7 54. e7 Rf1+ 55. Kg5 Rg1+ 56. Kxh5 1-0

[Event "Capablanca mem Premier I"]
[Site "Varadero"]
[Date "2000.05.21"]
[Round "12"]
[White "Almeida, Omar"]
[Black "Franco Ocampos, Zenon"]
[Result "1/2-1/2"]
[WhiteElo "2348"]
[BlackElo "2511"]
[PlyCount "75"]
[EventDate "2000.05.07"]
[Source "ChessBase"]
[SourceDate "2000.07.11"]

1. d4 Nf6 2. c4 e6 3. Nf3 d5 4. Nc3 Be7 5. Bg5 h6 6. Bh4 O-O 7. e3 b6 8. cxd5 Nxd5 9. Nxd5 exd5 10. Bxe7 Qxe7 11. Rc1 Be6 12. Bd3 c5 13. O-O Rc8 14. e4 c4 15. exd5 Bxd5 16. Re1 Qd8 17. Bf5 Rc7 18. Ne5 Nc6 19. Nxc4 Ne7 20. Ne3 Rxc1 21. Qxc1 Bxg2 22. Kxg2 Nxf5 23. Nxf5 Qd5+ 24. f3 Qxf5 25. Qc6 Qg5+ 26. Kf1 Rd8 27. Re8+ Rxe8 28. Qxe8+ Kh7 29. Qxf7 Qc1+ 30. Kg2 Qxb2+ 31. Kg3 Qxd4 32. Qxa7 Qg1+ 33. Kh3 Qf1+ 34. Kg3 Qe1+ 35. Kg2 Qd2+ 36. Kh3 Qd5 37. Kg2 Qg5+ 38. Kh3 1/2-1/2

[Event "ESP-ch"]
[Site "Linares"]
[Date "1998.08.15"]
[Round "4"]
[White "Candela Perez, Jose"]
[Black "Gomez Esteban, Juan Mario"]
[Result "1/2-1/2"]
[WhiteElo "2380"]
[BlackElo "2475"]
[PlyCount "154"]
[EventDate "1998.08.??"]
[Source "www.chesslib.no"]
[SourceDate "2004.05.04"]

1. d4 Nf6 2. c4 e6 3. Nc3 d5 4. Bg5 Be7 5. Nf3 h6 6. Bh4 O-O 7. e3 b6 8. cxd5 Nxd5 9. Bxe7 Qxe7 10. Nxd5 exd5 11. Rc1 Be6 12. Qa4 Rc8 13. Ne5 c5 14. Be2 Nd7 15. Nxd7 Bxd7 16. Qa3 Qg5 17. O-O cxd4 18. Rxc8+ Rxc8 19. exd4 Bf5 20. Bf3 Qd2 21. Qe3 Qxb2 22. Bxd5 Rd8 23. Qe5 Bg6 24. h4 Kh8 25. h5 Bh7 26. Bxf7 Qxd4 27. Qxd4 Rxd4 28. Rc1 Rd8 29. Rc7 a5 30. Rb7 Bg8 31. Bxg8 Kxg8 32. Rxb6 Rd1+ 33. Kh2 Rd2 34. f4 Rxa2 35. Rb7 a4 36. Ra7 a3 37. Kh3 Ra1 38. Kg4 Kf8 39. Kf5 Rg1 40. Ra8+ Kf7 41. Ra7+ Kg8 42. g4 Kh7 43. Rxa3 Rf1 44. Ra4 Rf2 45. Re4 Rf1 46. Re2 Rf3 47. Re1 Rf2 48. Ke4 Rh2 49. Kf3 Rh3+ 50. Kf2 Rb3 51. Re3 Rb4 52. Kg3 Rb5 53. Re4 Ra5 54. Kh4 Ra1 55. Rd4 Rh1+ 56. Kg3 Rg1+ 57. Kh3 Rh1+ 58. Kg2 Rb1 59. Kf3 Rf1+ 60. Ke4 Rg1 61. Kf5 Rf1 62. Ke6 Rg1 63. f5 Re1+ 64. Kf7 Ra1 65. Rd6 Ra7+ 66. Ke8 Ra8+ 67. Kd7 Ra7+ 68. Kc6 Ra4 69. Rg6 Rd4 70. Kc5 Ra4 71. f6 gxf6 72. Kd5 Ra6 73. Ke4 Ra4+ 74. Kf5 Ra5+ 75. Kxf6 Ra6+ 76. Kf5 Rxg6 77. hxg6+ Kg7 1/2-1/2

[Event "Albena"]
[Site "Albena"]
[Date "1983.??.??"]
[Round "?"]
[White "Danner, Georg"]
[Black "Van der Sterren, Paul"]
[Result "1/2-1/2"]
[WhiteElo "2405"]
[BlackElo "2445"]
[PlyCount "96"]
[EventDate "1983.??.??"]
[Source "ChessBase"]

1. d4 d5 2. Nf3 Nf6 3. c4 e6 4. Nc3 Be7 5. Bg5 O-O 6. e3 h6 7. Bh4 b6 8. cxd5 Nxd5 9. Bxe7 Qxe7 10. Nxd5 exd5 11. Rc1 Be6 12. Bd3 c5 13. dxc5 bxc5 14. O-O Nd7 15. e4 dxe4 16. Bxe4 Rad8 17. Bb1 Ne5 18. Qe2 Nxf3+ 19. Qxf3 c4 20. Qe4 g6 21. Qe3 Qg5 22. f4 Qf6 23. Rc3 Rfe8 24. f5 gxf5 25. Qxa7 Rd2 26. Rg3+ Kh8 27. Qe3 Red8 28. b3 Rb2 29. bxc4 f4 30. Qc3 Qd4+ 31. Qxd4+ Rxd4 32. Rb3 Re2 33. Rd3 Rxc4 34. Rd8+ Kg7 35. Bd3 Rd2 36. Bxc4 Rxd8 37. Bxe6 fxe6 38. Rxf4 e5 39. Re4 Rd2 40. Ra4 e4 41. a3 e3 42. Rg4+ Kf6 43. Kf1 Kf5 44. h3 h5 45. Rg8 Ke4 46. Ke1 Ra2 47. Re8+ Kd3 48. Rd8+ Ke4 1/2-1/2

[Event "Iraklion Open"]
[Site "Iraklion"]
[Date "1992.??.??"]
[Round "5"]
[White "Velikov, Petar V"]
[Black "Dobrev, Nanko"]
[Result "1-0"]
[WhiteElo "2445"]
[BlackElo "2405"]
[PlyCount "167"]
[EventDate "1992.??.??"]
[Source "www.chesslib.no"]
[SourceDate "2004.05.04"]

1. c4 e6 2. Nc3 d5 3. d4 Be7 4. Nf3 Nf6 5. Bg5 O-O 6. e3 h6 7. Bh4 b6 8. cxd5 Nxd5 9. Bxe7 Qxe7 10. Nxd5 exd5 11. Rc1 Be6 12. Bd3 c5 13. O-O Nd7 14. b3 Rfc8 15. Ba6 Rc7 16. Qe2 Bg4 17. h3 Bh5 18. Bd3 Qf6 19. Qd1 c4 20. bxc4 Rac8 21. Be2 dxc4 22. Ne5 Bxe2 23. Nxd7 Rxd7 24. Qxe2 b5 25. a4 a6 26. axb5 axb5 27. Rb1 Rb7 28. Rb4 Qg6 29. Rc1 Qa6 30. Qb2 Ra8 31. Rcxc4 bxc4 32. Rxb7 Rc8 33. Qb5 Qe6 34. d5 Qd6 35. Rb6 Qe5 36. d6 Qxb5 37. Rxb5 Rd8 38. Rb6 c3 39. Rc6 c2 40. g4 Rxd6 41. Rxc2 g5 42. Rc5 Kg7 43. Kg2 Kg6 44. h4 Rf6 45. Rd5 Ra6 46. Kg3 Re6 47. h5+ Kg7 48. Ra5 Rf6 49. e4 Kg8 50. e5 Rb6 51. Rd5 Kg7 52. Kf3 Rb4 53. Rd7 Kf8 54. Kg3 Rb5 55. e6 fxe6 56. Rh7 Rb3+ 57. f3 Rb6 58. Rxh6 Kf7 59. Rh7+ Kf6 60. Ra7 Rb2 61. Ra5 Rb3 62. Ra8 Kf7 63. Rd8 Ra3 64. Kf2 Rb3 65. Ke2 Kf6 66. Rg8 Rb5 67. f4 Rb2+ 68. Kf3 Rb3+ 69. Ke4 Rb4+ 70. Kd3 Rxf4 71. Rg6+ Kf7 72. Rxg5 Kf6 73. Rg6+ Kf7 74. Ke3 e5 75. Rg5 Kf6 76. Rg8 Kf7 77. Rg6 Ra4 78. Kf3 Rf4+ 79. Kg3 Rf1 80. Ra6 e4 81. Ra4 Kf6 82. Rxe4 Rg1+ 83. Kf2 Ra1 84. Re8 1-0

[Event "FRA-chT N2 2003/2004"]
[Site "FRA"]
[Date "2004.04.04"]
[Round "11"]
[White "Dumitrache, Dragos"]
[Black "Delaunay, Sebastien"]
[Result "1/2-1/2"]
[WhiteElo "2493"]
[BlackElo "2356"]
[PlyCount "55"]
[EventDate "2004.10.12"]
[Source "Roberto Alvarez"]
[SourceDate "2004.09.15"]

1. d4 d5 2. c4 e6 3. Nf3 Nf6 4. Nc3 Be7 5. Bg5 h6 6. Bh4 O-O 7. e3 b6 8. cxd5 Nxd5 9. Bxe7 Qxe7 10. Nxd5 exd5 11. Rc1 Be6 12. Qa4 c5 13. dxc5 bxc5 14. Qa3 Rc8 15. Nd4 Nd7 16. Ba6 Re8 17. Nxe6 fxe6 18. Bb5 c4 19. Bxd7 Qxd7 20. O-O Qe7 21. Qc3 Qf6 22. b3 Qxc3 23. Rxc3 cxb3 24. axb3 Rec8 25. Rfc1 Rxc3 26. Rxc3 Kf7 27. Kf1 a5 28. Ke2 1/2-1/2

[Event "Yerevan"]
[Site "Yerevan"]
[Date "1977.??.??"]
[Round "2"]
[White "Doroshkievich, Vladimir K"]
[Black "Petkevich, Jusefs"]
[Result "1/2-1/2"]
[WhiteElo "2420"]
[BlackElo "2425"]
[PlyCount "29"]
[EventDate "1977.??.??"]
[Source "ChessBase"]

1. d4 d5 2. c4 e6 3. Nc3 Be7 4. Nf3 Nf6 5. Bg5 O-O 6. e3 h6 7. Bh4 b6 8. cxd5 Nxd5 9. Bxe7 Qxe7 10. Nxd5 exd5 11. Rc1 Be6 12. Qa4 c5 13. dxc5 bxc5 14. Qa3 Rc8 15. Bb5 1/2-1/2

[Event "Vrnjacka Banja zt"]
[Site "Vrnjacka Banja YUG"]
[Date "1972.04.11"]
[Round "12"]
[White "Bukic, Enver"]
[Black "Rukavina, Josip"]
[Result "1/2-1/2"]
[WhiteElo "2465"]
[BlackElo "2380"]
[PlyCount "26"]
[EventDate "1972.??.??"]
[Source "www.chesslib.no"]
[SourceDate "2004.05.04"]

1. d4 d5 2. c4 e6 3. Nc3 Be7 4. Nf3 Nf6 5. Bg5 h6 6. Bh4 O-O 7. e3 b6 8. cxd5 Nxd5 9. Bxe7 Qxe7 10. Nxd5 exd5 11. Rc1 Be6 12. Qa4 c5 13. Qa3 Rc8 1/2-1/2

[Event "Aragon (Spain)"]
[Site "?"]
[Date "2004.03.??"]
[Round "2"]
[White "Del Rey Diego"]
[Black "Glavina Rossi Pablo"]
[Result "1/2-1/2"]
[WhiteElo "2386"]
[BlackElo "2458"]
[PlyCount "60"]
[EventDate "2004.??.??"]
[Source "www.chesslib.no"]
[SourceDate "2004.05.04"]

1. d4 d5 2. c4 e6 3. Nf3 Nf6 4. Nc3 Be7 5. Bg5 O-O 6. e3 h6 7. Bh4 b6 8. cxd5 Nxd5 9. Bxe7 Qxe7 10. Nxd5 exd5 11. Rc1 Be6 12. Qa4 a5 13. Bd3 Qb4+ 14. Qxb4 axb4 15. Rxc7 Rxa2 16. Ke2 Rxb2+ 17. Nd2 Nd7 18. Rb1 Rxb1 19. Bxb1 Ra8 20. e4 dxe4 21. Bxe4 Re8 22. Bc6 Bd5+ 23. Kd3 Bxc6 24. Rxc6 Re1 25. Rc8+ Kh7 26. Rc7 Nf6 27. Rxf7 Rg1 28. g3 Rg2 29. Ne4 Nxe4 30. Kxe4 b3 1/2-1/2

[Event "RUS Team Ch"]
[Site "Podolsk RUS"]
[Date "1993.??.??"]
[Round "?"]
[White "Zhidkov, Valery S"]
[Black "Zarubin, Pavel"]
[Result "0-1"]
[WhiteElo "2420"]
[BlackElo "2415"]
[PlyCount "96"]
[EventDate "1993.??.??"]
[Source "www.chesslib.no"]
[SourceDate "2004.05.04"]

1. Nf3 d5 2. d4 e6 3. c4 Be7 4. Nc3 Nf6 5. Bg5 h6 6. Bh4 O-O 7. e3 b6 8. cxd5 Nxd5 9. Bxe7 Qxe7 10. Nxd5 exd5 11. Rc1 Be6 12. Qa4 c5 13. Qa3 Rc8 14. Bb5 Qb7 15. dxc5 bxc5 16. Rxc5 Rxc5 17. Qxc5 Na6 18. Qc6 Qxc6 19. Bxc6 Rb8 20. O-O Rxb2 21. a4 Nb4 22. Nd4 Ra2 23. Bb5 a6 24. Nc6 axb5 25. Nxb4 Rxa4 26. Nc6 Kf8 27. h3 Bd7 28. Ne5 Ke7 29. Rd1 Be6 30. g4 Kd6 31. Nd3 g5 32. Rb1 Bd7 33. Kg2 Bc6 34. Kg3 f6 35. Rd1 Be8 36. Ne1 b4 37. Nf3 b3 38. Rb1 Rb4 39. Rb2 Kc5 40. Nd2 Ba4 41. h4 Rb6 42. hxg5 hxg5 43. f4 Kb4 44. Nb1 Bb5 45. Rd2 Bc4 46. Kf3 Ra6 47. Rd4 Ra1 48. Nd2 b2 0-1

[Event "Buenos Aires PRENAJ"]
[Site "Buenos Aires ARG"]
[Date "1994.??.??"]
[Round "3"]
[White "Bronstein, Luis M"]
[Black "Servat, Roberto"]
[Result "1-0"]
[WhiteElo "2380"]
[BlackElo "2445"]
[PlyCount "52"]
[EventDate "1994.??.??"]
[Source "www.chesslib.no"]
[SourceDate "2004.05.04"]

1. d4 d5 2. c4 e6 3. Nf3 Nf6 4. Bg5 Be7 5. e3 O-O 6. Nc3 h6 7. Bh4 b6 8. cxd5 Nxd5 9. Bxe7 Qxe7 10. Nxd5 exd5 11. Rc1 Be6 12. Bd3 c5 13. Bb1 Nd7 14. O-O Rfc8 15. Qe1 Rab8 16. b3 Nf6 17. Ne5 a5 18. Bd3 cxd4 19. Nc6 Qd6 20. Nxb8 Rxc1 21. Qxc1 Ng4 22. f4 dxe3 23. Be2 d4 24. Bxg4 Bxg4 25. h3 d3 26. hxg4 d2 1-0

[Event "ARM-ch"]
[Site "Yerevan"]
[Date "1995.??.??"]
[Round "2"]
[White "Kalantarian, Norik"]
[Black "Asrian, Karen"]
[Result "1-0"]
[WhiteElo "2495"]
[BlackElo "2330"]
[PlyCount "73"]
[EventDate "1995.08.??"]
[Source "ChessBase"]

1. d4 d5 2. c4 e6 3. Nc3 Nf6 4. Nf3 Be7 5. Bg5 h6 6. Bh4 O-O 7. e3 b6 8. cxd5 Nxd5 9. Bxe7 Qxe7 10. Nxd5 exd5 11. Rc1 Be6 12. g3 c5 13. Bg2 Nd7 14. O-O c4 15. Ne5 Nf6 16. g4 Nd7 17. h3 h5 18. f4 hxg4 19. hxg4 Nxe5 20. dxe5 Qc5 21. Qd4 Qxd4 22. exd4 Bxg4 23. f5 Rad8 24. Rf4 Bh5 25. Rh4 g6 26. f6 Kh7 27. Kf2 Kh6 28. Rg1 Kg5 29. Rh2 Kf5 30. Ke3 Bg4 31. Bf1 Rh8 32. Rf2+ Kg5 33. Rf4 Rh4 34. Be2 Rh3+ 35. Bf3 Rxf3+ 36. Rxf3 Kh5 37. Rf2 1-0

[Event "CSR-ch"]
[Site "Ostrava"]
[Date "1976.??.??"]
[Round "12"]
[White "Jansa, Vlastimil"]
[Black "Neckar, Lubomir"]
[Result "1-0"]
[WhiteElo "2490"]
[BlackElo "2330"]
[PlyCount "117"]
[EventDate "1976.??.??"]
[Source "ChessBase"]

1. c4 Nf6 2. Nc3 e6 3. d4 d5 4. Bg5 Be7 5. e3 O-O 6. Nf3 h6 7. Bh4 b6 8. cxd5 Nxd5 9. Bxe7 Qxe7 10. Nxd5 exd5 11. Rc1 Be6 12. Qa4 a5 13. a3 Rc8 14. b4 c5 15. bxc5 bxc5 16. dxc5 Nd7 17. c6 Nc5 18. Qb5 Ne4 19. Qa4 Rab8 20. Nd4 Rb2 21. Ba6 Qg5 22. O-O Bh3 23. g3 Rc7 24. Rc2 Rxc2 25. Qxc2 Bxf1 26. Bxf1 Qf6 27. Bg2 Qd6 28. Bxe4 dxe4 29. Qxe4 Qxa3 30. Qe5 Re7 31. Qb8+ Kh7 32. Kg2 Qc5 33. Qb3 g6 34. h4 Ra7 35. Qa4 Rc7 36. Kf1 Qb4 37. Qxb4 axb4 38. Ke2 Kg7 39. Kd3 Kf6 40. Kc4 Ke7 41. Kxb4 Ra7 42. Kc5 h5 43. e4 Ra1 44. f3 Rc1+ 45. Kb6 Rb1+ 46. Nb5 f6 47. f4 Rb3 48. e5 fxe5 49. fxe5 Rb1 50. c7 Rc1 51. Nd4 Rb1+ 52. Kc6 Rc1+ 53. Kb7 Rb1+ 54. Kc6 Rc1+ 55. Kb6 Rb1+ 56. Nb5 Rc1 57. Nd6 Ke6 58. Nb7 Rb1+ 59. Kc6 1-0

[Event "CSR-ch"]
[Site "Frenstat"]
[Date "1982.??.??"]
[Round "9"]
[White "Trapl, Jindrich"]
[Black "Plachetka, Jan"]
[Result "1/2-1/2"]
[WhiteElo "2380"]
[BlackElo "2435"]
[PlyCount "27"]
[EventDate "1982.09.??"]
[Source "ChessBase"]

1. d4 d5 2. c4 e6 3. Nc3 Nf6 4. Bg5 Be7 5. Nf3 h6 6. Bh4 O-O 7. Rc1 b6 8. cxd5 Nxd5 9. Bxe7 Qxe7 10. Nxd5 exd5 11. e3 Be6 12. Qa4 c5 13. dxc5 bxc5 14. Qa3 1/2-1/2

[Event "Staufer op 11th"]
[Site "Schwaebisch Gmuend"]
[Date "1999.??.??"]
[Round "6"]
[White "Kalinitschew, Sergey"]
[Black "Sonnberger, Reinhard"]
[Result "1-0"]
[WhiteElo "2505"]
[BlackElo "2305"]
[PlyCount "72"]
[EventDate "1999.01.02"]
[Source "ChessBase"]
[SourceDate "1999.03.01"]

1. d4 d5 2. c4 e6 3. Nf3 Nf6 4. Nc3 Be7 5. Bg5 h6 6. Bh4 O-O 7. e3 b6 8. cxd5 Nxd5 9. Bxe7 Qxe7 10. Nxd5 exd5 11. Rc1 Be6 12. Qa4 a5 13. Rc3 Rc8 14. Be2 c5 15. dxc5 bxc5 16. Qa3 Qa7 17. O-O Nd7 18. Rfc1 Rab8 19. Nd4 Qb6 20. b3 Qb4 21. Qb2 Nf6 22. Nxe6 fxe6 23. R3c2 Rb6 24. Qe5 a4 25. Rc3 axb3 26. axb3 Qe4 27. Qg3 Qb4 28. f3 Qa3 29. Bf1 Rcc6 30. Qe1 Rxb3 31. Rxb3 Qxb3 32. Rb1 Qc2 33. Rb8+ Kh7 34. Qg3 Qg6 35. Rh8+ Kxh8 36. Qxg6 c4 1-0

[Event "Kstovo op"]
[Site "Kstovo"]
[Date "1994.??.??"]
[Round "7"]
[White "Verdihanov, Vladislav"]
[Black "Doroshkievich, Vladimir K"]
[Result "1/2-1/2"]
[WhiteElo "2410"]
[BlackElo "2400"]
[PlyCount "150"]
[EventDate "1994.08.??"]
[Source "ChessBase"]

1. d4 d5 2. c4 e6 3. Nc3 Be7 4. Nf3 Nf6 5. Bg5 h6 6. Bh4 O-O 7. e3 b6 8. cxd5 Nxd5 9. Bxe7 Qxe7 10. Nxd5 exd5 11. Rc1 Be6 12. Qa4 c5 13. Bd3 Nd7 14. O-O a5 15. Qa3 Bg4 16. Nd2 Qg5 17. f4 Qf6 18. Bb5 cxd4 19. Rc6 Qd8 20. exd4 Nf6 21. Rd6 Qc7 22. Rxf6 Qc2 23. Rxb6 Qxd2 24. Qc3 Qxc3 25. bxc3 Rab8 26. Rxb8 Rxb8 27. a4 Rc8 28. Rc1 Kf8 29. Kf2 Ke7 30. Ke3 Kd6 31. Kd2 Rc7 32. h3 Bc8 33. g4 Re7 34. f5 f6 35. Rg1 Rc7 36. Rf1 Re7 37. Bd3 Rb7 38. Bc2 Bd7 39. h4 Rb2 40. Kc1 Rb8 41. g5 hxg5 42. hxg5 Rh8 43. Rg1 Rh3 44. Kb2 Rh2 45. Kb1 Rh3 46. gxf6 gxf6 47. Rg6 Ke7 48. Rg7+ Ke8 49. Rg8+ Ke7 50. Ra8 Rxc3 51. Rxa5 Rc4 52. Rxd5 Bxa4 53. Bxa4 Rxa4 54. Kb2 Rc4 55. Kb3 Rc1 56. Kb4 Rc2 57. Kb5 Ra2 58. Kc4 Rc2+ 59. Kd3 Ra2 60. Ke3 Ra1 61. Rb5 Re1+ 62. Kf4 Re2 63. Rb7+ Kf8 64. Rb3 Kf7 65. Re3 Rh2 66. Ke4 Rh4+ 67. Kd5 Rf4 68. Rc3 Rxf5+ 69. Kc6 Ra5 70. d5 Ra6+ 71. Kc7 f5 72. d6 Ke6 73. Re3+ Kd5 74. d7 Ra7+ 75. Kc8 Rxd7 1/2-1/2

[Event "Villa de Mislata op-10"]
[Site "Mislata"]
[Date "2001.08.23"]
[Round "4.4"]
[White "Komljenovic, Davor"]
[Black "Neiman, Enmanuel"]
[Result "1-0"]
[WhiteElo "2478"]
[BlackElo "2332"]
[PlyCount "129"]
[EventDate "2001.08.20"]
[Source "www.chesslib.no"]
[SourceDate "2004.05.04"]

1. d4 Nf6 2. c4 e6 3. Nc3 d5 4. Bg5 Be7 5. e3 h6 6. Bh4 O-O 7. Nf3 b6 8. cxd5 Nxd5 9. Bxe7 Qxe7 10. Nxd5 exd5 11. Rc1 Be6 12. Qa4 c5 13. Qa3 Rc8 14. Be2 Qb7 15. dxc5 bxc5 16. O-O Qb6 17. Ne5 a5 18. Nd3 Nd7 19. Nf4 Qb4 20. Bf3 Qxa3 21. bxa3 Nf6 22. Rfd1 Rab8 23. Nxd5 Bxd5 24. Bxd5 Nxd5 25. Rxd5 Rb2 26. g4 Rxa2 27. Rc3 a4 28. Rd7 Rb8 29. Rxc5 Rxa3 30. Rcc7 Rf8 31. Ra7 Ra1+ 32. Kg2 a3 33. h4 g6 34. Rd5 Rc8 35. h5 gxh5 36. Rxh5 Rc4 37. Kf3 Rg1 38. Rf5 Rgxg4 39. Rfxf7 Ra4 40. Rfd7 Rxa7 41. Rxa7 Rg1 42. Rxa3 Kg7 43. Kf4 Rg2 44. Kf3 Rg1 45. Ra4 h5 46. Rh4 Kg6 47. Rh2 Ra1 48. Rg2+ Kf6 49. Rg8 Ra5 50. Kg3 Kf7 51. Rb8 Rg5+ 52. Kf4 Rg2 53. Kf3 Rg1 54. Rh8 Rg5 55. Ke4 Kg7 56. f4 Ra5 57. Rd8 Ra2 58. Rd5 Kg6 59. Rg5+ Kh6 60. Rg8 Kh7 61. Rg1 Kh6 62. Kf3 h4 63. Rg2 Ra3 64. Rg4 Kh5 65. Rg8 1-0

[Event "Camaguey-B"]
[Site "Camaguey CUB"]
[Date "1987.??.??"]
[Round "?"]
[White "Frey Beckman, Kenneth"]
[Black "Diaz, Joaquin C"]
[Result "0-1"]
[WhiteElo "2430"]
[BlackElo "2375"]
[PlyCount "112"]
[EventDate "1987.05.??"]
[Source "www.chesslib.no"]
[SourceDate "2004.05.04"]

1. Nf3 d5 2. d4 e6 3. c4 Nf6 4. Nc3 Be7 5. Bg5 O-O 6. e3 h6 7. Bh4 b6 8. cxd5 Nxd5 9. Bxe7 Qxe7 10. Nxd5 exd5 11. Rc1 Be6 12. Bd3 c5 13. dxc5 bxc5 14. O-O Nd7 15. e4 dxe4 16. Bxe4 Rad8 17. Re1 Qf6 18. Qc2 c4 19. Qc3 Qxc3 20. bxc3 Nc5 21. Nd4 Bd5 22. Bxd5 Rxd5 23. Re7 Nd3 24. Rc2 Rb8 25. h4 Rh5 26. g3 g5 27. Rce2 gxh4 28. g4 Rg5 29. Nf5 Rxg4+ 30. Kh2 Rf4 31. Nd6 Nxf2 32. Rxf7 Rxf7 33. Nxf7 Kxf7 34. Rxf2+ Ke6 35. Rd2 Rf8 36. Rd4 Rf2+ 37. Kg1 Rxa2 38. Rxc4 h3 39. Rc8 a5 40. c4 a4 41. Rc6+ Ke5 42. Rxh6 Rg2+ 43. Kh1 a3 44. Rxh3 a2 45. Kxg2 a1=Q 46. c5 Qb2+ 47. Kf3 Qb3+ 48. Kg2 Qc2+ 49. Kf3 Qd3+ 50. Kg2 Qe2+ 51. Kg3 Kf5 52. c6 Kg5 53. c7 Qe5+ 54. Kf2 Qxc7 55. Rg3+ Kf4 56. Rd3 Qc2+ 0-1

[Event "Bern Open"]
[Site "Bern SUI"]
[Date "1995.??.??"]
[Round "9"]
[White "Hobuss, Udo"]
[Black "Barsov, Alexei"]
[Result "1/2-1/2"]
[WhiteElo "2355"]
[BlackElo "2445"]
[PlyCount "93"]
[EventDate "1995.02.??"]
[Source "www.chesslib.no"]
[SourceDate "2004.05.04"]

1. d4 Nf6 2. Nf3 d5 3. c4 e6 4. Nc3 Be7 5. Bg5 h6 6. Bh4 O-O 7. e3 b6 8. cxd5 Nxd5 9. Bxe7 Qxe7 10. Nxd5 exd5 11. Rc1 Be6 12. Qa4 c5 13. Qa3 Rc8 14. Be2 Qb7 15. dxc5 bxc5 16. O-O Qb6 17. Rc3 Nd7 18. Rfc1 Rcb8 19. Rb3 Qd8 20. Rb5 a6 21. Rxb8 Rxb8 22. b3 a5 23. Ne1 Qb6 24. Nd3 c4 25. bxc4 dxc4 26. Nf4 Qb2 27. Qxb2 Rxb2 28. Kf1 Nb6 29. Nxe6 fxe6 30. Bxc4 Nxc4 31. Rxc4 Rxa2 32. Rc7 a4 33. g4 a3 34. Ra7 Ra1+ 35. Kg2 a2 36. h3 Kf8 37. Kf3 Rh1 38. Rxa2 Rxh3+ 39. Kf4 Kf7 40. Ke5 Rf3 41. Rb2 Kg6 42. Ke4 Rf8 43. f4 Kf6 44. Rb5 Ra8 45. Rb6 g6 46. Rb5 g5 47. Rb4 1/2-1/2